ՀՀ Գիտությունների ազգային ակադեմիայի հիմնարար գիտական գրադարան  =   Fundamental Scientific Library of NAS RA

Литературные очерки / (Record no. 499246)

MARC details
000 -LEADER
fixed length control field 00774nam a2200229 a 4500
001 - CONTROL NUMBER
control field 001063516
003 - CONTROL NUMBER IDENTIFIER
control field AM-YeHGA
005 - DATE AND TIME OF LATEST TRANSACTION
control field 20250617163013.0
008 - FIXED-LENGTH DATA ELEMENTS--GENERAL INFORMATION
fixed length control field 150304s1910 ru r 000 0 rus d
040 ## - CATALOGING SOURCE
Original cataloging agency AM-YeHGA
041 0# - LANGUAGE CODE
Language code of text/sound track or separate title rus
090 ## - LOCALLY ASSIGNED LC-TYPE CALL NUMBER (OCLC); LOCAL CALL NUMBER (RLIN)
-- 502656
100 1# - MAIN ENTRY--PERSONAL NAME
Personal name Веселовский, Юрий Алексеевич,
Dates associated with a name 1872-1919
245 10 - TITLE STATEMENT
Title Литературные очерки /
Statement of responsibility, etc. Юрий Веселовский.
250 ## - EDITION STATEMENT
Edition statement 2-е изд.
260 ## - PUBLICATION, DISTRIBUTION, ETC.
Place of publication, distribution, etc. Москва :
Name of publisher, distributor, etc. Тип. "Печатное дело" Ф.Н. Бурче,
Date of publication, distribution, etc. 1910.
300 ## - PHYSICAL DESCRIPTION
Extent том ;
Dimensions 24 см.
505 00 - FORMATTED CONTENTS NOTE
Miscellaneous information Т. 1 (1910, [2], 546 c.) ;
-- Т. 2 (1910, 430 с.)
650 14 - SUBJECT ADDED ENTRY--TOPICAL TERM
Topical term or geographic name entry element Литературоведение
650 14 - SUBJECT ADDED ENTRY--TOPICAL TERM
Topical term or geographic name entry element История литературы
942 ## - ADDED ENTRY ELEMENTS (KOHA)
Source of classification or shelving scheme Universal Decimal Classification
Koha item type Գրքեր / Books
Holdings
Withdrawn status Lost status Source of classification or shelving scheme Damaged status Not for loan Collection Home library Current library Date acquired Serial enumeration / chronology Total checkouts Full call number Barcode Date last seen Price effective from Koha item type Public note
    Universal Decimal Classification     General Fundamental Scientific Library Fundamental Scientific Library 01/10/2019 Т. 1   PII/18142 FL0602248 01/10/2019 01/10/2019 Գրքեր / Books 30 Days Loan
    Universal Decimal Classification     General Fundamental Scientific Library Fundamental Scientific Library 02/10/2019 Т. 2   PII/18124 FL0602271 02/10/2019 02/10/2019 Գրքեր / Books 30 Days Loan
    Universal Decimal Classification     Kusikian Individual Collection Fundamental Scientific Library Fundamental Scientific Library 06/03/2025 Т. 1   Кус/1697 FL0689391 06/03/2025 06/03/2025 Գրքեր / Books ILL Non-Circ.


ՀՀ ԳԱԱ հիմնարար գիտական գրադարան
ՀՀ,Երևան 0019
Մարշալ Բաղրամյան 24/6
հեռախոս:(374-10) 52-47-50
Հետադարձ կապ

All site content, except where otherwise noted, is licensed under a
Creative Commons License